[Event "Challenge"]
[Site "http://www.queenalice.com/game.php?id=1196455"]
[Date "2013.7.3"]
[Round "-"]
[White "tucot"]
[Black "patochon"]
[Result "0-1"]
[WhiteElo "2329"]
[BlackElo "1500"]

1. d4 f5 2. e4 fxe4 3. Nc3 Nf6 4. f3 d5 5. Bg5 Bf5 6. Qd2 Nc6 7. O-O-O Qd7 8.
Kb1 e6 9. h4 exf3 10. gxf3 Nh5 11. Bb5 Bd6 12. Nge2 O-O 13. Rhg1 Rf7 14. a3 a6
15. Bd3 Raf8 16. Be3 Bxd3 17. Qxd3 Rxf3 18. Rg5 Qf7 19. Ka2 e5 20. Rxh5 e4 0-1

[Event "Challenge"]
[Site "http://www.queenalice.com/game.php?id=1196456"]
[Date "2013.7.3"]
[Round "-"]
[White "makibaque"]
[Black "patochon"]
[Result "1-0"]
[WhiteElo "2448"]
[BlackElo "1500"]

1. d4 f5 2. Nc3 Nf6 3. Bg5 d5 4. Bxf6 exf6 5. e3 Be6 6. Qf3 Qd7 7. Bb5 Nc6 8.
Nge2 g5 9. a3 a6 10. Bxc6 Qxc6 11. O-O-O O-O-O 12. g3 Kb8 13. Kb1 Bd6 14. h4 h6
15. Rdg1 Rh7 16. Rh2 Qb6 17. Ka1 Rdh8 18. Re1 g4 19. Qh1 Qc6 20. Nf4 Bf7 21. Qg2
Bxa3 22. Rd1 Rd8 23. Rhh1 Bb4 24. Rd3 Rhh8 25. Kb1 a5 26. Na2 Bd6 27. Rhd1 a4
28. Rc3 Qb5 29. Nd3 b6 30. Qf1 Be8 31. Qg2 Kb7 32. Nf4 Bf7 33. Qf1 Qxf1 34. Rxf1
c5 35. Rd3 c4 36. Rdd1 Ra8 37. Nc3 Ra5 38. Ka2 Kc6 39. Nce2 b5 40. Ra1 b4 41. b3
1-0

[Event "Challenge"]
[Site "http://www.queenalice.com/game.php?id=1196457"]
[Date "2013.7.3"]
[Round "-"]
[White "rsgaspar"]
[Black "patochon"]
[Result "0-1"]
[WhiteElo "2454"]
[BlackElo "1500"]

1. e4 c5 2. Nf3 e6 3. d4 cxd4 4. Nxd4 Nf6 5. Nc3 Nc6 6. Nb3 a6 7. Be2 b5 8. O-O
Qc7 9. Be3 Be7 10. a3 O-O 11. f4 d6 12. Qe1 Bb7 13. Rc1 Rac8 14. Qg3 Nd7 15. f5
Bf6 16. fxe6 fxe6 17. Qh3 Rce8 18. Bg4 Nd8 19. Nd4 Nc5 20. Rcd1 Qe7 21. Bf3 Be5
22. Rf2 Nc6 23. Rfd2 Nd8 24. Rf2 h6 25. Rdf1 Rf7 26. Nde2 Rf6 27. Bd4 Nd7 28.
Be3 Nf7 29. Bh5 Rxf2 30. Rxf2 Nf6 31. Bf4 Rf8 32. Bg4 Bc8 33. Be3 Bd7 34. Qh4
Rc8 35. g3 a5 36. Nd4 Rc4 37. Nce2 Bxd4 38. Nxd4 e5 39. Nf5 Qd8 40. Nxh6+ Nxh6
41. Bxd7 Qxd7 42. Rxf6 gxf6 43. Qxf6 Ng4 44. Qg6+ Kh8 45. Qh5+ Kg7 46. Qg5+ Kf8
47. Bb6 Rxc2 48. h3 Nh2 49. Qf6+ Qf7 50. Qxd6+ Kg8 51. Qb8+ Kh7 52. Qa7 Qxa7 53.
Bxa7 Nf3+ 54. Kf1 Rxb2 55. Bb6 b4 56. a4 b3 57. Be3 Rc2 0-1

[Event "Challenge"]
[Site "http://www.queenalice.com/game.php?id=1196458"]
[Date "2013.7.3"]
[Round "-"]
[White "danielglowinski"]
[Black "patochon"]
[Result "0-1"]
[WhiteElo "2398"]
[BlackElo "1500"]

1. d4 f5 2. Nf3 Nf6 3. g3 g6 4. Bg2 Bg7 5. O-O O-O 6. c4 d6 7. Nc3 Qe8 8. d5 Na6
9. Nd4 Bd7 10. Bf4 c6 11. h3 Nc5 12. b4 Nce4 13. Nxe4 Nxe4 14. Rc1 a5 15. b5
cxd5 16. cxd5 Rc8 17. Rxc8 Qxc8 18. Qd3 g5 19. Bd2 Nc5 0-1

[Event "Challenge"]
[Site "http://www.queenalice.com/game.php?id=1196459"]
[Date "2013.7.3"]
[Round "-"]
[White "patochon"]
[Black "chein"]
[Result "1/2-1/2"]
[WhiteElo "1500"]
[BlackElo "2299"]

1. e4 e5 2. Nf3 Nc6 3. Bc4 Nf6 4. Ng5 d5 5. exd5 Na5 6. Bb5+ c6 7. dxc6 bxc6 8.
Be2 h6 9. Nf3 e4 10. Ne5 Qc7 11. d4 exd3 12. Nxd3 Bd6 13. b3 c5 14. Bb2 c4 15.
bxc4 Nxc4 16. Bxf6 gxf6 17. O-O Bxh2+ 18. Kh1 Be6 19. Nc3 Rd8 20. Nb5 Qb6 21.
Kxh2 Qxb5 22. Rh1 Kf8 23. Kg1 Rg8 24. Qc1 Qg5 25. g3 Qxc1+ 26. Rxc1 Kg7 27. Rh4
Ne5 28. Ra4 1/2-1/2

[Event "Challenge"]
[Site "http://www.queenalice.com/game.php?id=1197909"]
[Date "2013.7.7"]
[Round "-"]
[White "patochon"]
[Black "Chandra"]
[Result "1-0"]
[WhiteElo "1500"]
[BlackElo "2597"]

1. e4 e5 2. Nf3 Nc6 3. Bc4 Bc5 4. b4 Bxb4 5. c3 Bd6 6. d4 Nf6 7. O-O O-O 8. Re1
Rb8 9. a4 Ne8 10. Na3 exd4 11. cxd4 Bb4 12. Re3 d6 13. Nc2 Ba5 14. Ba3 Bb6 15.
Qd3 Bg4 16. Rae1 Kh8 17. e5 Bh5 18. Bd5 Bg6 19. Qe2 Qd7 20. Bc4 Bh5 21. Qd3 Bg6
22. Qc3 a6 23. Nb4 Nxe5 24. dxe5 Bxe3 25. Qxe3 Qxa4 26. Bf1 c6 27. Qc1 f6 28. e6
Nc7 29. e7 Rfc8 30. Nd3 c5 31. Nf4 Bf7 32. Bd3 Ne8 33. Bc2 1-0

[Event "Challenge"]
[Site "http://www.queenalice.com/game.php?id=1197911"]
[Date "2013.7.7"]
[Round "-"]
[White "patochon"]
[Black "PunditJi"]
[Result "1/2-1/2"]
[WhiteElo "1500"]
[BlackElo "2600"]

1. e4 c5 2. c3 Nf6 3. e5 Nd5 4. Nf3 Nc6 5. d4 cxd4 6. Bc4 Nb6 7. Bb3 d5 8. exd6
Qxd6 9. O-O Be6 10. Na3 dxc3 11. Qe2 Bxb3 12. Nb5 Qb8 13. axb3 g6 14. Be3 Nd5
15. Bxa7 cxb2 16. Qxb2 Nxa7 17. Nxa7 Rg8 18. Nb5 Rxa1 19. Qxa1 e6 20. Qa4 Be7
21. Ne5 Qxe5 22. Nd6+ Kf8 23. Qe8+ Kg7 24. Qxf7+ Kh8 25. Qxe7 Nxe7 1/2-1/2

[Event "Challenge"]
[Site "http://www.queenalice.com/game.php?id=1197912"]
[Date "2013.7.7"]
[Round "-"]
[White "patochon"]
[Black "juli1"]
[Result "1-0"]
[WhiteElo "1500"]
[BlackElo "2476"]

1. e4 Nf6 2. e5 Nd5 3. d4 d6 4. Nf3 Bg4 5. Be2 e6 6. O-O Be7 7. c4 Nb6 8. Nc3
O-O 9. Be3 Nc6 10. exd6 cxd6 11. d5 Bxf3 12. Bxf3 Ne5 13. dxe6 fxe6 14. Bg4 Nxg4
15. Qxg4 Qc8 16. Bxb6 axb6 17. Rad1 Ra5 18. Rfe1 Raf5 19. Re2 Bf6 20. Nb5 Rd8
21. Qe4 Re5 22. Qd3 Rxe2 23. Qxe2 d5 24. b3 d4 25. Qd3 e5 26. Re1 g6 27. Re4 Bg7
28. a4 Rf8 29. f3 Qc6 30. g3 h5 31. Kg2 Kh7 32. Na3 Qc5 33. Nc2 Rf5 34. Ne1 Qd6
35. Qd1 Bh6 36. Nd3 Be3 37. h3 Kg7 38. g4 Rf8 39. Rxe5 h4 40. Qe1 Qf6 41. Qe2
Qd6 42. f4 Qa3 43. Qb2 Qxb2+ 44. Nxb2 Bxf4 45. Re4 Be3 46. Nd3 Kf7 47. Re5 Rd8
48. Rb5 Rd6 49. c5 bxc5 50. Rxb7+ Ke8 51. Kf3 c4 52. bxc4 Bg5 53. Rb8+ Bd8 54.
Ke4 Kd7 55. Nc5+ Ke7 56. Rb5 Bb6 57. Nd3 Bc7 58. Nb4 Kd7 59. Rd5 Kc8 60. Rxd6
Bxd6 61. Nd3 Kb7 62. Kxd4 1-0

[Event "Challenge"]
[Site "http://www.queenalice.com/game.php?id=1197913"]
[Date "2013.7.7"]
[Round "-"]
[White "patochon"]
[Black "Cuxtal"]
[Result "1-0"]
[WhiteElo "1500"]
[BlackElo "2635"]

1. e4 e6 2. d4 d5 3. Nd2 Nf6 4. e5 Nfd7 5. c3 c5 6. Bd3 Nc6 7. Ne2 c4 8. Bc2 b5
9. a3 Bb7 10. Nf4 Qa5 11. Rb1 g6 12. h4 Qb6 13. Qg4 O-O-O 14. O-O Qa6 15. b3 Be7
16. bxc4 dxc4 17. Ne4 h5 18. Qf3 Rhf8 19. Re1 Qa5 20. Be3 Kb8 21. Ne2 Ka8 22.
Bh6 Qb6 23. Bxf8 Rxf8 24. Qe3 a6 25. Nd6 Bxd6 26. exd6 Na7 27. Ng3 Qxd6 28. a4
1-0

[Event "Challenge"]
[Site "http://www.queenalice.com/game.php?id=1197916"]
[Date "2013.7.7"]
[Round "-"]
[White "denisan"]
[Black "patochon"]
[Result "0-1"]
[WhiteElo "2151"]
[BlackElo "1500"]

1. e4 e5 2. Nc3 Nf6 3. f4 d5 4. fxe5 Nxe4 5. Nf3 Bc5 6. d4 Bb4 7. Bd2 c5 8. Bb5+
Nc6 9. O-O O-O 10. a3 Bxc3 11. Bxc3 Qb6 12. Bxc6 bxc6 13. dxc5 Qxc5+ 14. Bd4 Qe7
15. Nd2 c5 16. Nxe4 cxd4 17. Nd2 Rb8 18. b4 a5 0-1

[Event "Challenge"]
[Site "http://www.queenalice.com/game.php?id=1205875"]
[Date "2013.8.7"]
[Round "-"]
[White "modestyblase"]
[Black "patochon"]
[Result "1/2-1/2"]
[WhiteElo "2434"]
[BlackElo "1500"]

1. d4 d5 2. c4 Nc6 3. e3 e5 4. dxe5 d4 5. exd4 Nxd4 6. Nf3 Nxf3+ 7. Qxf3 Qd4 8.
Nc3 Qxe5+ 9. Be2 Bd6 10. Nb5 Nf6 11. Nxd6+ cxd6 12. Bf4 Qxb2 13. O-O O-O 14.
Rfb1 Qd4 15. Rd1 Qe4 16. Qxe4 Nxe4 17. Bf1 Be6 18. Rd4 Nf6 19. Bxd6 Rfd8 20.
Rad1 Ne8 1/2-1/2

[Event "Challenge"]
[Site "http://www.queenalice.com/game.php?id=1207095"]
[Date "2013.8.11"]
[Round "-"]
[White "JimMorrisson"]
[Black "patochon"]
[Result "0-1"]
[WhiteElo "2332"]
[BlackElo "1500"]

1. e4 d5 2. exd5 Nf6 3. d4 Bg4 4. f3 Bf5 5. c4 e6 6. Nc3 exd5 7. g4 Be6 8. g5
Ng8 9. Qb3 dxc4 10. Qxb7 Nd7 11. Qe4 Ne7 12. Bh3 Bxh3 13. Nxh3 Nb6 14. Nf4 Qd7
15. a4 a5 16. O-O O-O-O 17. Be3 Re8 18. Qc2 Nf5 19. Bf2 Nxd4 20. Qd1 Nb3 21. Qc2
Nxa1 22. Rxa1 Re5 23. Ne4 Qf5 24. Bg3 h6 25. gxh6 Bc5+ 26. Kh1 g5 27. Ng2 Rd5
28. Qe2 Rxh6 29. Ne3 Bxe3 30. Qxe3 Re6 31. Qf2 Rd3 32. Rf1 Rc6 33. Qc2 g4 34. b4
axb4 35. a5 b3 36. Qb2 Rxf3 0-1

[Event "Challenge"]
[Site "http://www.queenalice.com/game.php?id=1213245"]
[Date "2013.8.31"]
[Round "-"]
[White "patochon"]
[Black "tucot"]
[Result "1-0"]
[WhiteElo "1500"]
[BlackElo "2317"]

1. e4 c5 2. Nf3 d6 3. d4 cxd4 4. Nxd4 Nf6 5. Nc3 a6 6. Bg5 e6 7. f4 Qb6 8. Qd2
Qxb2 9. Rb1 Qa3 10. e5 dxe5 11. fxe5 Nfd7 12. Ne4 h6 13. Bh4 Qxa2 14. Rd1 Qd5
15. Qe3 Qxe5 16. Be2 Nc6 17. Nxc6 bxc6 18. O-O f6 19. Bxf6 Bc5 20. Nd6+ 1-0

[Event "Challenge"]
[Site "http://www.queenalice.com/game.php?id=1221095"]
[Date "2013.9.30"]
[Round "-"]
[White "Patzer58"]
[Black "patochon"]
[Result "1-0"]
[WhiteElo "2328"]
[BlackElo "1500"]

1. c4 e5 2. Nc3 Nc6 3. Nf3 Nf6 4. e3 Bb4 5. Qc2 Bxc3 6. Qxc3 Qe7 7. a3 d5 8. d4
exd4 9. Nxd4 Nxd4 10. Qxd4 dxc4 11. Qxc4 O-O 12. f3 Be6 13. Qc2 Nd7 14. Be2 Nc5
15. b4 Nb3 16. Rb1 Nxc1 17. Rxc1 c6 18. Kf2 Rfd8 19. e4 g6 20. Qc3 Qh4+ 21. g3
Qh3 22. Qe3 Kg7 23. f4 Kg8 24. Rc3 Re8 25. Bf3 a5 26. Bg2 Qh6 27. bxa5 Rxa5 28.
Rb1 Bc8 29. Qd2 Ra4 30. Rd3 Qf8 31. Rb4 Ra6 32. Bf3 Qe7 33. Qb2 b5 34. e5 Be6
35. Rbd4 Rb8 36. Qc1 c5 37. Rd6 c4 38. Rxa6 cxd3 39. Qc3 b4 40. axb4 Rxb4 41.
Ra1 1-0

[Event "Challenge"]
[Site "http://www.queenalice.com/game.php?id=1221294"]
[Date "2013.10.1"]
[Round "-"]
[White "shogun"]
[Black "patochon"]
[Result "0-1"]
[WhiteElo "2552"]
[BlackElo "1500"]

1. e4 d5 2. exd5 Nf6 3. d4 Bg4 4. f3 Bf5 5. g4 Bg6 6. c4 e6 7. dxe6 Nc6 8. d5
Nb4 9. Na3 fxe6 10. Nh3 Bc5 11. Nf4 Nxg4 12. fxg4 Qh4+ 13. Kd2 O-O 14. Nxg6 Rf2+
0-1

[Event "Challenge"]
[Site "http://www.queenalice.com/game.php?id=1224279"]
[Date "2013.10.13"]
[Round "-"]
[White "Chalezuba"]
[Black "patochon"]
[Result "1-0"]
[WhiteElo "2405"]
[BlackElo "1500"]

1. e4 d5 2. exd5 Nf6 3. Nf3 Qxd5 4. d4 Bg4 5. Be2 Nc6 6. c4 Qf5 7. Be3 O-O-O 8.
O-O e5 9. d5 e4 10. Nd4 Nxd4 11. Bxd4 h5 12. Nc3 c5 13. Be3 Bxe2 14. Qxe2 Ng4
15. f3 exf3 16. Rxf3 Qe5 17. g3 h4 18. h3 hxg3 19. hxg4 Rh2 20. Qd3 g6 21. Qe4
Qh8 22. Rxf7 Rxb2 23. Qe6+ Kb8 24. Bf4+ Ka8 25. Bxg3 1-0

[Event "Challenge"]
[Site "http://www.queenalice.com/game.php?id=1235952"]
[Date "2013.11.28"]
[Round "-"]
[White "patochon"]
[Black "Cheshco"]
[Result "0-1"]
[WhiteElo "1500"]
[BlackElo "2469"]

1. e4 e5 2. Nf3 Nc6 3. Bb5 a6 4. Ba4 Nf6 5. O-O Be7 6. Re1 b5 7. Bb3 d6 8. c3
O-O 9. h3 Na5 10. Bc2 c5 11. d4 Qc7 12. Nbd2 cxd4 13. cxd4 Nc6 14. Nb3 a5 15.
Be3 a4 16. Nbd2 Bd7 17. Rc1 Rac8 18. Nf1 Rfe8 19. Bb1 Qb7 20. Qe2 exd4 21. Nxd4
d5 0-1

[Event "Challenge"]
[Site "http://www.queenalice.com/game.php?id=1237010"]
[Date "2013.12.2"]
[Round "-"]
[White "PhilBFrance"]
[Black "patochon"]
[Result "1-0"]
[WhiteElo "2445"]
[BlackElo "1500"]

1. d4 d5 2. Nc3 Nf6 3. Bf4 c5 4. e3 a6 5. Nf3 Bg4 6. dxc5 Nc6 7. h3 Bxf3 8. Qxf3
e6 9. Be2 Bxc5 10. Qg3 O-O 11. O-O Bb4 12. Bh6 Ne8 13. Bf4 Bd6 14. Rad1 Rc8 15.
a3 Bxf4 16. Qxf4 Qd6 17. Qh4 1-0

[Event "Challenge"]
[Site "http://www.queenalice.com/game.php?id=1242798"]
[Date "2013.12.25"]
[Round "-"]
[White "MIngu"]
[Black "patochon"]
[Result "1-0"]
[WhiteElo "2402"]
[BlackElo "1500"]

1. d4 Nf6 2. c4 g6 3. Nc3 Bg7 4. e4 d6 5. Nf3 O-O 6. Be2 e5 7. O-O Nc6 8. d5 Ne7
9. b4 a5 10. Ba3 axb4 11. Bxb4 Nd7 12. a4 Bh6 13. a5 f5 14. Bd3 Nf6 15. c5 fxe4
16. Nxe4 Nxe4 17. Bxe4 Nf5 18. Re1 Bg7 19. Qb3 dxc5 20. Bxc5 Nd6 21. Ra2 Qf6 22.
Bc2 1-0